Germany overtakes US as top cross-border investor in Europe (Record no. 72356)
[ view plain ]
| 000 -LEADER | |
|---|---|
| fixed length control field | 01031cam a2200241 4500 |
| 001 - CONTROL NUMBER | |
| control field | WB3912-12 |
| 008 - FIXED-LENGTH DATA ELEMENTS--GENERAL INFORMATION | |
| fixed length control field | 030326n2003 000 0 eng u |
| 035 ## - SYSTEM CONTROL NUMBER | |
| System control number | (Sirsi) u121745 |
| 245 ## - TITLE STATEMENT | |
| Title | Germany overtakes US as top cross-border investor in Europe |
| 260 ## - PUBLICATION, DISTRIBUTION, ETC. | |
| Date of publication, distribution, etc. | 2003 |
| 490 ## - SERIES STATEMENT | |
| Series statement | DTZ Press Release |
| Volume/sequential designation | 21 March 2003 (2) |
| 520 ## - SUMMARY, ETC. | |
| Summary, etc. | Germany overtook the United States as the biggest single investor in European commercial property during 2002, claims DTZ research. According to DTZ's "European cross-border investment in real estate" report, the European investment markets were strong during 2002 with total cross-border investment reaching 31.5bn. German funds accounted for almost 9.3bn, while US investment fell to 8.6bn. http://www.dtz.com/ |
| 590 ## - LOCAL NOTE (RLIN) | |
| Local note | WB |
| 650 ## - SUBJECT ADDED ENTRY--TOPICAL TERM | |
| Topical term or geographic name entry element | CROSS-BORDER INVESTMENT |
| 650 ## - SUBJECT ADDED ENTRY--TOPICAL TERM | |
| Topical term or geographic name entry element | EUROPEAN PROPERTY |
| 650 ## - SUBJECT ADDED ENTRY--TOPICAL TERM | |
| Topical term or geographic name entry element | EUROPE |
| 650 ## - SUBJECT ADDED ENTRY--TOPICAL TERM | |
| Topical term or geographic name entry element | GERMANY |
| 650 ## - SUBJECT ADDED ENTRY--TOPICAL TERM | |
| Topical term or geographic name entry element | UNITED STATES |
| 650 ## - SUBJECT ADDED ENTRY--TOPICAL TERM | |
| Topical term or geographic name entry element | DTZ RESEARCH |
| 650 ## - SUBJECT ADDED ENTRY--TOPICAL TERM | |
| Topical term or geographic name entry element | PROPERTY-COMMERCIAL PROPERTY |
| 690 ## - LOCAL SUBJECT ADDED ENTRY--TOPICAL TERM (OCLC, RLIN) | |
| Topical term or geographic name as entry element | INVESTMENT |
| 942 ## - ADDED ENTRY ELEMENTS (KOHA) | |
| Suppress in OPAC | 0 |
| Withdrawn status | Lost status | Source of classification or shelving scheme | Damaged status | Not for loan | Home library | Current library | Shelving location | Date acquired | Total Checkouts | Full call number | Barcode | Date last seen | Copy number | Price effective from | Koha item type |
|---|---|---|---|---|---|---|---|---|---|---|---|---|---|---|---|
| Dewey Decimal Classification | London | London | News article | 26/03/2003 | WB3912-12 | 121745-1001 | 06/08/2019 | 1 | 06/08/2019 | News article |